|
|
|
|
| LEADER |
01550nam a2200361 a 4500 |
| 001 |
37472 |
| 003 |
BD-DhAAL |
| 005 |
20220113153956.0 |
| 008 |
210215t2019 bg b 001 0 eng d |
| 999 |
|
|
|c 43212
|d 43212
|
| 010 |
|
|
|a 2019337217
|
| 020 |
|
|
|a 9789845062671
|
| 037 |
|
|
|b Library of Congress -- New Delhi Overseas Office
|
| 040 |
|
|
|a DLC
|b eng
|e rda
|c DLC
|d DLC
|d BD-DhAAL
|
| 050 |
0 |
0 |
|a HN690.6.Z9
|b C636643 2019
|
| 082 |
|
|
|a 362.5095492
|2 22
|
| 100 |
1 |
|
|a Jansen, Eirik G.,
|e author.
|9 40964
|
| 245 |
1 |
0 |
|a Seeing the end of poverty? :
|b Bhaimara revisited /
|c Eirik G. Jansen with Nazibor Rahman.
|
| 260 |
|
|
|a Dhaka, Bangladesh :
|b University Press Limited,
|c c2019.
|
| 300 |
|
|
|a 195 pages ;
|c 23 cm.
|
| 504 |
|
|
|a Includes bibliographical references (pages 189-191) and index.
|
| 526 |
|
|
|a BIGD
|
| 541 |
|
|
|a Direct Purchase from BIGD
|e 37472
|
| 650 |
|
0 |
|a Rural development
|z Bangladesh
|z Bhaimara.
|9 40965
|
| 650 |
|
0 |
|a Rural poor
|z Bangladesh
|z Bhaimara.
|9 40966
|
| 650 |
|
0 |
|a Land tenure
|z Bangladesh
|z Bhaimara.
|9 40967
|
| 650 |
|
0 |
|a Peasants
|z Bangladesh
|z Bhaimara
|v Case studies.
|9 40968
|
| 650 |
|
0 |
|a Rural population
|z Bangladesh
|z Bhaimara
|v Case studies.
|9 40969
|
| 651 |
|
0 |
|a Bhaimara (Bangladesh)
|x Rural conditions.
|9 40970
|
| 700 |
1 |
|
|a Rahman, Nazibor,
|e author.
|9 40971
|
| 852 |
|
|
|a Ayesha Abed Library
|c General stacks
|
| 942 |
|
|
|2 ddc
|c BK
|
| 952 |
|
|
|0 0
|1 0
|2 ddc
|4 0
|6 362_509549200000000_JAN
|7 0
|9 69296
|a IGS
|b IGS
|c GEN
|d 2021-02-15
|e BIGD
|g 450.00
|l 0
|o 362.5095492 JAN
|p 3010037472
|r 2021-02-15
|t 1
|v 450.00
|w 2021-02-15
|y BK
|x Received during pandemic
|